Geography Quiz

Random Geography or City Quiz

World Cities Match-Up Quiz Stats

 Plays Quiz Updated Feb 10, 2015

Challenge
Share
Tweet
Score 0/12 Timer 04:00
1 Play Today
% Correct
New York
95.3%
Milan
91.1%
Paris
88.5%
Sydney
85.2%
Moscow
84.7%
Beijing
84.4%
São Paulo
84.2%
Tokyo
83.4%
Berlin
79.8%
Toronto
77.3%
Madrid
73.2%
Cape Town
71.9%

You're not logged in!

Compare scores with friends on all Sporcle quizzes.
OR
Log In

You Might Also Like...

Show Comments

Extras

Top Quizzes Today


Score Distribution

Your Account Isn't Verified!

In order to create a playlist on Sporcle, you need to verify the email address you used during registration. Go to your Sporcle Settings to finish the process.

Report this User

Report this user for behavior that violates our Community Guidelines.

Details: